| 000 | 00455nam a22001815i 4500 | ||
|---|---|---|---|
| 001 | 23994132 | ||
| 003 | OSt | ||
| 005 | 20251125071018.0 | ||
| 008 | 250116s2020 ke 000 0 eng | ||
| 010 | _a 2024331609 | ||
| 035 | _a23994132 | ||
| 040 | _aSEKU | ||
| 050 |
_aKPM 3796.7 _b.K4 |
||
| 245 | 0 | 0 | _aCommercial law case digest. |
| 264 | 1 |
_aNairobi : _bNational Council for Law Reporting, _c[2020] |
|
| 300 | _axxvi, 351 pages ; | ||
| 942 |
_2lcc _cGEN |
||
| 999 |
_c18653 _d18653 |
||